| 000 | 00335nam a22001337a 4500 | ||
|---|---|---|---|
| 022 | _a9781482238396 | ||
| 082 |
_a627.52 _bBOU/EC |
||
| 245 | _aEconomics of Water Management in Agriculture | ||
| 260 |
_aBoca Raton _bCRC Press _c2015 |
||
| 300 | _a361 | ||
| 700 |
_aBournaris,Thomas _91077 |
||
| 700 |
_aBerbel,Julio _91078 |
||
| 942 | _cBK | ||
| 999 |
_c14619 _d14619 |
||